000 00903nam a2200289Ia 4500
008 160803s9999 xx 000 0 und d
020 _a978-0440414711
100 _aPaulsen, Gary
245 _aMy life in dog years /
245 _cGary Paulsen ; illustrations by Ruth Wright Paulsen.
260 _aNew York :
260 _bScholastic Inc.
260 _c1998
300 _a137 pages :
300 _billustrations ;
300 _c20 cm
500 _aOriginally published: New York : Delacorte Press, c1998.
650 _aAuthors, American -- 20th century -- Biography --
650 _aDog owners -- United States -- Biography --
650 _aDogs -- United States -- Anecdotes --
650 _aPaulsen, Gary --
650 _x Juvenile literature.
650 _xJuvenile literature.
650 _xJuvenile literature.
650 _xJuvenile literature.
700 _a1150
999 _c298563
_d298563